• 首页
  • 本馆介绍
  • 公告通知
  • 最新文献
  • 馆藏检索
  • 电子资源
  • 读者导购
  • 参考咨询
  • 我的图书馆
  • 登录
  • 详细信息显示
  • 放入我的书架
  • 预约/预借图书
  • 作者相关作品
  • 分类相关作品
  • 丛书相关作品
  • 出版社相关作品

书目信息

  • 表格格式
  • 工作单格式
  • 卡片格式
题名:
广告理论与实务
    
 
作者: 封岚 , 余育新 主编
分册:  
出版信息: 北京   中国人民大学出版社  2017.8
页数: 237页
开本: 26cm
丛书名:
单 册:
中图分类: F713.80
科图分类:
主题词: 广告学--guang gao xue--高等职业教育--教材
电子资源:
ISBN: 978-7-300-24512-6
000 00855nam0 2200241 450
001 2131730103
005 20210930094312.0
010    @a978-7-300-24512-6@dCNY39.00
100    @a20171222d2017 em y0chiy50 ea
101 0  @achi
102    @aCN@b110000
105    @aa z 000yy
106    @ar
200 1  @a广告理论与实务@Aguang gao li lun yu shi wu@f封岚, 余育新主编
210    @a北京@c中国人民大学出版社@d2017.8
215    @a237页@c图@d26cm
330    @a本书以素质教育为指导,以项目式教学为手段,以提高学生的广告实际操作能力为宗旨,结合企业实际广告活动的工作流程,系统地介绍了广告相关基础知识、广告策划与运作的主要业务流程。
606 0  @a广告学@Aguang gao xue@x高等职业教育@j教材
690    @aF713.80@v5
701  0 @a封岚@Afeng lan@4主编
701  0 @a余育新@Ayu yu xin@4主编
801  0 @aCN@b百万庄@c20210929
905    @b1303230-33@dF713.80@e1174@f4
    
    广告理论与实务/封岚, 余育新主编.-北京:中国人民大学出版社,2017.8
    237页:图;26cm
    
    
    ISBN 978-7-300-24512-6:CNY39.00
    本书以素质教育为指导,以项目式教学为手段,以提高学生的广告实际操作能力为宗旨,结合企业实际广告活动的工作流程,系统地介绍了广告相关基础知识、广告策划与运作的主要业务流程。
●
相关链接 在E读中查询图书 在五车中查询图书 在当当中查询图书 在豆瓣中查询图书


正题名:广告理论与实务     索取号:F713.80/1174         预约/预借

序号 登录号 条形码 馆藏地/架位号 状态 备注
1 1303230   213032305   第一样本阅览室/ [索取号:F713.80/1174] 在馆    
2 1303231   213032314   第一借阅区/ [索取号:F713.80/1174] 在馆    
3 1303232   213032323   第一借阅区/ [索取号:F713.80/1174] 在馆    
4 1303233   213032332   第一借阅区/ [索取号:F713.80/1174] 在馆    
唐山师范学院图书馆 欢迎您!
大连网信软件有限公司© 版权所有